5HLuxD.jpg

KING HENRY VIII SENIOR AND PRIMARY SCHOOL LIBRARY OPAC

Regina is not a little dinosaur / (Record no. 3934)

000 -LEADER
fixed length control field 01077cam a2200313 i 4500
001 - CONTROL NUMBER
control field a1215935
003 - CONTROL NUMBER IDENTIFIER
control field OSt
005 - DATE AND TIME OF LATEST TRANSACTION
control field 20241122105857.0
008 - FIXED-LENGTH DATA ELEMENTS--GENERAL INFORMATION
fixed length control field 220520t20212021nyua b 000 j eng d
020 ## - INTERNATIONAL STANDARD BOOK NUMBER
International Standard Book Number 9780593127285
Qualifying information (hardback) :
040 ## - CATALOGING SOURCE
Original cataloging agency JEN
Language of cataloging eng
Transcribing agency TAE
Description conventions rda
Modifying agency KH8
042 ## - AUTHENTICATION CODE
Authentication code nbic
082 0# - DEWEY DECIMAL CLASSIFICATION NUMBER
Classification number 813.6 ZUI
100 1# - MAIN ENTRY--PERSONAL NAME
Personal name Zuill, Andrea,
Relator term author,
-- illustrator.
245 10 - TITLE STATEMENT
Title Regina is not a little dinosaur /
Statement of responsibility, etc. by Andrea Zuill.
250 ## - EDITION STATEMENT
Edition statement First edition.
264 #1 - PRODUCTION, PUBLICATION, DISTRIBUTION, MANUFACTURE, AND COPYRIGHT NOTICE
Place of production, publication, distribution, manufacture New York :
Name of producer, publisher, distributor, manufacturer Schwartz & Wade Books,
Date of production, publication, distribution, manufacture, or copyright notice [2021]
264 #4 - PRODUCTION, PUBLICATION, DISTRIBUTION, MANUFACTURE, AND COPYRIGHT NOTICE
Date of production, publication, distribution, manufacture, or copyright notice ©2021.
300 ## - PHYSICAL DESCRIPTION
Extent 32 unnumbered pages :
Other physical details illustrations (chiefly color) ;
Dimensions 28 cm.
336 ## - CONTENT TYPE
Content type term text
Content type code txt
Source rdacontent.
336 ## - CONTENT TYPE
Content type term still image
Content type code sti
Source rdacontent.
337 ## - MEDIA TYPE
Media type term unmediated
Media type code n
Source rdamedia.
338 ## - CARRIER TYPE
Carrier type term volume
Carrier type code nc
Source rdacarrier.
520 ## - SUMMARY, ETC.
Summary, etc. Regina, a young dinosaur who is convinced she is ready to hunt for her own food, sneaks away from Mama, but soon finds she has much to learn about hunting.
521 1# - TARGET AUDIENCE NOTE
Target audience note Ages 3-7.
650 #1 - SUBJECT ADDED ENTRY--TOPICAL TERM
Topical term or geographic name entry element Dinosaurs
Form subdivision Fiction.
650 #1 - SUBJECT ADDED ENTRY--TOPICAL TERM
Topical term or geographic name entry element Hunting
Form subdivision Fiction.
942 ## - ADDED ENTRY ELEMENTS (KOHA)
Source of classification or shelving scheme
Koha item type Books - Fiction
Holdings
Withdrawn status Lost status Source of classification or shelving scheme Damaged status Not for loan Collection code Permanent Location Current Location Shelving location Date acquired Total Checkouts Full call number Barcode Date due Date last seen Date last checked out Price effective from Koha item type
          Fiction KH8 Primary School Library KH8 Primary School Library Fiction 2024-11-22 12 813.6 ZUI KHPL000004629 2026-04-23 2026-04-15 2026-04-15 2024-11-22 Books - Fiction

Powered By KH8 IT Dept